Statistics for Two Biggest European Cities by Letter

Click here to take the quiz!

General Stats

  • This quiz has been taken 101 times
    (100 since last reset)
  • The average score is 25 of 52

Answer Stats

LetterCity% Correct
MMoscow
97%
LLondon
96%
BBerlin
92%
PParis
91%
MMadrid
88%
AAmsterdam
87%
RRome
84%
OOslo
83%
VVienna
83%
WWarsaw
83%
AAthens
82%
SSt. Petersburg
81%
FFrankfurt
75%
HHamburg
75%
HHelsinki
75%
KKiev
75%
NNaples
75%
BBucharest
74%
ZZagreb
74%
ZZurich
74%
PPrague
70%
IIstanbul
66%
GGlasgow
65%
CCologne
61%
TTurin
61%
EEdinburgh
55%
SSofia
51%
VVolgograd
36%
EEssen
35%
OOdessa
35%
GGenoa
34%
FFlorence
32%
YYekaterinburg
30%
NNizhny Novgorod
29%
UUfa
25%
LLviv
23%
JJerez de la Frontera
21%
KKharkiv
21%
WWroclaw
21%
RRostov on Don
18%
DDonetsk
17%
QQuimper
17%
DDnipro
13%
TToulouse
13%
YYork
12%
CChelyabinsk
10%
XXanthi
10%
UUtrecht
8%
IIasi
3%
QQueluz
3%
JJyvaskyla
1%
XXabia
0%

Score Distribution

Percentile by Number Answered

Percent of People with Each Score

Your Score History

You have not taken this quiz since the last reset